00589nam a2200205Ia 4500008004100000020001800041050001400059100001900073245002900092245002800121245002200149260001500171260001600186260000900202300001600211300002000227300001000247999001900257952010700276170918s9999 xx 000 0 und d a9780545773171 bS795 2014 aBrown, Jeffrey aStar wars Jedy academy : breturn of the padawan / cby Jeffrey Brown. aNew York : bScholastic, c2014 a176 pages : billustrations ; c21cm. c343809d343809 001040aSSISMbSSISMd2017-09-18l0oGS FIC S795 2014pSSISM2881r2017-09-18 00:00:00w2017-09-18yBK